00621nam a2200157 a 450000100100000000500170001000800410002704000250006808200150009310000280010824500550013626000370019130000280022895201900025699900170044600004626820201002052741.0150713s1985 dr a 000 0 spa d aDO-SdBNPbspacBNPHU axxxxbxxxx1 aMercader, José95656010aPor unos dolares más o menos /cJosé Mercader. aSanto Domingo :bHuellas,c1985. a192 p. :bil. ;c21 cm. 0010718PDaPDbPDcCTd2015-07-13iLF1l0oxxxx xxxxp46268-10r2020-06-25w2020-06-25yLFPDzPerteneció a la bilblioteca personal de Chiqui Vicioso Fidelio Despradel.ZNo se presta c45757d45757